[Event "4NCL/Div2/KHE vs. WRO"]
[Site "West Bromwich ENG"]
[Date "2003.10.19"]
[Round "2.7"]
[White "Gilfillan, Andrew"]
[Black "Cumbers, Paul"]
[Result "0-1"]
[WhiteElo "2024"]
[BlackElo "2108"]
[PlyCount "98"]
[EventDate "2003.10.19"]

1. e4 e6 2. d4 d5 3. e5 c5 4. c3 Nc6 5. Nf3 Nge7 6. a3 Nf5 7. b4 cxd4 8. cxd4
Qb6 9. Bb2 a5 10. b5 a4 11. Be2 h5 12. O-O Nce7 13. Nc3 Qa5 14. Qd3 Bd7 15.
Rfc1 Nc8 16. Rc2 Be7 17. Bc1 Qd8 18. Be3 Nb6 19. Nd2 Rc8 20. Bd1 Nc4 21. Nxc4
Rxc4 22. Rcc1 Qa5 23. Be2 g6 24. h3 O-O 25. Qd2 Nxe3 26. Qxe3 Rc7 27. Kh2 Rfc8
28. Na2 Bxb5 29. Bd1 Bc4 30. Nb4 Bxb4 31. axb4 Qxb4 32. Rxa4 Qe7 33. Rca1 b5
34. Ra8 Kg7 35. Qg3 Kh7 36. Qf3 Rxa8 37. Rxa8 Ra7 38. Rb8 Ra3 39. Qf4 b4 40. g4
hxg4 41. Bxg4 Kg7 42. Bd1 Bd3 43. Bg4 Be4 44. Qf6+ Qxf6 45. exf6+ Kxf6 46. Rxb4
Kg5 47. f3 Bxf3 48. Bxf3 Rxf3 49. Kg2 Rf4 0-1

[Event "4NCL/Div2/KHE vs. WRO"]
[Site "West Bromwich ENG"]
[Date "2003.10.19"]
[Round "2.8"]
[White "van Kemenade, Julie"]
[Black "Beilschmidt, Eva"]
[Result "0-1"]
[WhiteElo "1680"]
[BlackElo "1424"]
[PlyCount "84"]
[EventDate "2003.10.19"]

1. e4 c5 2. f4 Nc6 3. Bc4 d6 4. Nf3 g6 5. O-O Bg7 6. Nc3 Nf6 7. d3 O-O 8. a3 a6
9. Ba2 b5 10. Ne2 Qc7 11. Ng3 e6 12. Nh4 Qd8 13. c3 Bb7 14. Nf3 Qb6 15. Be3 Ng4
16. Qd2 Nxe3 17. Qxe3 a5 18. f5 exf5 19. exf5 Rae8 20. Qf4 c4+ 21. Kh1 Ne5 22.
dxc4 bxc4 23. Nxe5 Bxe5 24. Qxc4 Ba6 25. Qg4 Bxf1 26. Rxf1 Kh8 27. Ne4 Qxb2 28.
Bb1 Rb8 29. g3 d5 30. Ng5 Qxc3 31. Nxh7 Rxb1 32. Rxb1 Kxh7 33. fxg6+ fxg6 34.
Qh3+ Kg7 35. Rb7+ Rf7 36. Rxf7+ Kxf7 37. Qd7+ Kf6 38. Qxd5 Qe1+ 39. Kg2 Qe2+
40. Kh3 Qf1+ 41. Qg2 Qxg2+ 42. Kxg2 a4 0-1

[Event "4NCL/Div2/BRI1 vs. PPA1"]
[Site "Telford ENG"]
[Date "2004.01.17"]
[Round "3.1"]
[White "Cobb, Charles"]
[Black "Swanson, Stephen"]
[Result "1/2-1/2"]
[WhiteElo "2406"]
[BlackElo "2283"]
[PlyCount "32"]
[EventDate "2004.01.17"]

1. c4 e5 2. Nc3 Bb4 3. Qc2 Nc6 4. e3 Bxc3 5. Qxc3 d6 6. Nf3 f5 7. d4 Qe7 8. c5
exd4 9. Nxd4 Nxd4 10. cxd6 Qxd6 11. Qxd4 Qxd4 12. exd4 Be6 13. Bf4 c6 14. Be2
Ne7 15. O-O Ng6 16. Bh5 O-O 1/2-1/2

[Event "4NCL/Div2/BRI1 vs. PPA1"]
[Site "Telford ENG"]
[Date "2004.01.17"]
[Round "3.2"]
[White "Posazhennikov, Alex"]
[Black "Beaumont, Chris"]
[Result "1-0"]
[WhiteElo "2253"]
[BlackElo "2336"]
[PlyCount "69"]
[EventDate "2004.01.17"]

1. d4 d6 2. c4 e5 3. Nf3 e4 4. Ng5 f5 5. Nc3 Be7 6. h4 Nf6 7. Qa4+ c6 8. g3 O-O
9. Bg2 Na6 10. O-O Nc7 11. d5 h6 12. Nh3 cxd5 13. cxd5 Nfxd5 14. Qb3 Be6 15.
Qxb7 Nxc3 16. bxc3 Bf6 17. Ba3 Rb8 18. Qc6 Nb5 19. Qa6 Rb6 20. Qa4 Nxc3 21. Qc2
Qc8 22. Nf4 Bf7 23. h5 Qa6 24. Bc1 Nxe2+ 25. Nxe2 Bxa1 26. Bxh6 Rc8 27. Qd2 Rb2
28. Qg5 Rb7 29. Rxa1 Bc4 30. Nd4 Rf8 31. Nxf5 Rxf5 32. Qxf5 gxh6 33. Bxe4 Rf7
34. Qg6+ Rg7 35. Qe8# 1-0

[Event "4NCL/Div2/BRI1 vs. PPA1"]
[Site "Telford ENG"]
[Date "2004.01.17"]
[Round "3.3"]
[White "Buckley, Simon T"]
[Black "Harley, Andrew"]
[Result "1/2-1/2"]
[WhiteElo "2294"]
[BlackElo "2238"]
[PlyCount "48"]
[EventDate "2004.01.17"]

1. c4 Nf6 2. g3 c5 3. Bg2 d5 4. cxd5 Nxd5 5. Nf3 Nc6 6. Nc3 Nc7 7. d3 e5 8. Be3
Be7 9. Nd2 Bd7 10. Rc1 Rc8 11. a3 b6 12. Nc4 O-O 13. O-O f6 14. f4 exf4 15.
Bxf4 Ne6 16. Nd6 Bxd6 17. Bxd6 Re8 18. Ne4 Ned4 19. e3 Nf5 20. Bf4 Ne5 21. d4
cxd4 22. exd4 Ng6 23. Qb3+ Kh8 24. Rcd1 Nxf4 1/2-1/2

[Event "4NCL/Div2/BRI1 vs. PPA1"]
[Site "Telford ENG"]
[Date "2004.01.17"]
[Round "3.4"]
[White "Byway, Paul"]
[Black "Sherwin, James T"]
[Result "1/2-1/2"]
[WhiteElo "2213"]
[BlackElo "2309"]
[PlyCount "49"]
[EventDate "2004.01.17"]

1. d4 Nf6 2. Nf3 g6 3. Bf4 Bg7 4. e3 d6 5. h3 O-O 6. c4 c5 7. Nc3 cxd4 8. exd4
d5 9. Be5 dxc4 10. Bxc4 Nc6 11. O-O Na5 12. Be2 Be6 13. Re1 Bc4 14. b4 Bxe2 15.
Qxe2 Nc6 16. a3 Rc8 17. Rac1 Bh6 18. Rc2 Nd5 19. Nxd5 Qxd5 20. Rc5 Qd7 21. d5
Nxe5 22. Nxe5 Qd6 23. Nc4 Qb8 24. Ne5 Qd6 25. Nc4 1/2-1/2

[Event "4NCL/Div2/BRI1 vs. PPA1"]
[Site "Telford ENG"]
[Date "2004.01.17"]
[Round "3.5"]
[White "Rudd, Jack"]
[Black "Dignam, Matthew"]
[Result "1/2-1/2"]
[WhiteElo "2245"]
[BlackElo "2159"]
[PlyCount "63"]
[EventDate "2004.01.17"]

1. e4 e6 2. d4 d5 3. Nd2 c5 4. Ngf3 cxd4 5. exd5 Qxd5 6. Bc4 Qd8 7. O-O Nc6 8.
Nb3 a6 9. Nbxd4 Nxd4 10. Nxd4 Bd6 11. c3 Qc7 12. Qe2 Ne7 13. Bg5 O-O 14. Kh1
Ng6 15. Bb3 Bf4 16. Bxf4 Qxf4 17. Rad1 Bd7 18. Nc2 Bc6 19. Nb4 Bb5 20. c4 Be8
21. Nd3 Qc7 22. f4 Bc6 23. Ne5 Nxe5 24. fxe5 Rad8 25. Qe3 Rxd1 26. Rxd1 Rd8 27.
Rd4 Rxd4 28. Qxd4 Qa5 29. h3 g6 30. Kh2 Qe1 31. Qd8+ Kg7 32. Qf6+ 1/2-1/2

[Event "4NCL/Div2/BRI1 vs. PPA1"]
[Site "Telford ENG"]
[Date "2004.01.17"]
[Round "3.6"]
[White "Rosen, Daniel B"]
[Black "Collier, David O"]
[Result "1-0"]
[WhiteElo "2145"]
[BlackElo "2225"]
[PlyCount "39"]
[EventDate "2004.01.17"]

1. e4 c5 2. f4 d5 3. Nc3 d4 4. Bb5+ Nd7 5. Nce2 Ngf6 6. Bxd7+ Nxd7 7. d3 e5 8.
Nf3 Bd6 9. O-O exf4 10. Bxf4 Bxf4 11. Nxf4 O-O 12. Qe1 Qb6 13. Qg3 Nf6 14. h3
Qxb2 15. e5 Ne8 16. Nd5 Kh8 17. Ng5 h6 18. e6 hxg5 19. Qxg5 Nf6 20. Nxf6 1-0

[Event "4NCL/Div2/BRI1 vs. PPA1"]
[Site "Telford ENG"]
[Date "2004.01.17"]
[Round "3.7"]
[White "Buckley, David E"]
[Black "Waddington, Michael P"]
[Result "1/2-1/2"]
[WhiteElo "2203"]
[BlackElo "2156"]
[PlyCount "105"]
[EventDate "2004.01.17"]

1. d4 f5 2. g3 Nf6 3. Bg2 d5 4. c4 e6 5. Nf3 c6 6. O-O Bd6 7. Bf4 O-O 8. Nbd2
Bxf4 9. gxf4 Ng4 10. Rc1 Rf6 11. Qb3 Qb6 12. h3 Nh6 13. e3 Nd7 14. Ne5 Nf7 15.
cxd5 Qxb3 16. Nxb3 exd5 17. Nxd7 Bxd7 18. Nc5 Bc8 19. Rfd1 Nd6 20. Nd3 Be6 21.
Ne5 Rd8 22. Bf1 Bf7 23. f3 Bh5 24. Kf2 Kf8 25. b4 Be8 26. Bd3 Rh6 27. Kg3 a6
28. a4 Rf6 29. Rd2 Ke7 30. Rg2 Re6 31. Kf2 Kf6 32. Ke2 Re7 33. Rgg1 Ra8 34. a5
Rd8 35. Kf2 Ra8 36. Rc5 Ra7 37. Rcc1 Ra8 38. Bb1 Rd8 39. Ba2 Ra8 40. Nd3 Bf7
41. Ne5 Be8 42. h4 h5 43. Rg5 g6 44. Bb1 Rc8 45. Rcg1 Rg7 46. Nd3 Rcc7 47. Nc5
Rce7 48. R5g2 Rh7 49. Re1 Bf7 50. Rg5 Rh8 51. Nd3 Be8 52. Ne5 Rh6 53. Bd3
1/2-1/2

[Event "4NCL/Div2/BRI1 vs. PPA1"]
[Site "Telford ENG"]
[Date "2004.01.17"]
[Round "3.8"]
[White "Aarons, Poppy J"]
[Black "Ashby, Ann-Marie"]
[Result "0-1"]
[WhiteElo "1884"]
[BlackElo "2082"]
[PlyCount "36"]
[EventDate "2004.01.17"]

1. e4 e5 2. f4 Nc6 3. Nf3 f5 4. d3 d6 5. Nc3 Nf6 6. fxe5 dxe5 7. Bg5 Be7 8. a3
O-O 9. Qd2 a6 10. h4 Ng4 11. Nd5 Bxg5 12. hxg5 Nd4 13. Be2 c6 14. Nc3 Ne3 15.
Bd1 f4 16. Nxe5 Qxg5 17. Rh5 Qg3+ 18. Qf2 Ndxc2+ 0-1

[Event "4NCL/Div2/WES1 vs. PYO"]
[Site "Telford ENG"]
[Date "2004.01.17"]
[Round "3.1"]
[White "Poulton, James"]
[Black "Rendle, Thomas E"]
[Result "1-0"]
[WhiteElo "2366"]
[BlackElo "2273"]
[PlyCount "111"]
[EventDate "2004.01.17"]

1. d4 f5 2. Nc3 Nf6 3. Bg5 d5 4. Bxf6 exf6 5. e3 Be6 6. Nf3 Qd7 7. Rc1 Bb4 8.
Qd2 c6 9. a3 Bd6 10. Bd3 b5 11. Ne2 Na6 12. O-O g5 13. c3 h5 14. h4 O-O-O {(=)}
15. hxg5 Rdg8 16. gxf6 f4 17. Nxf4 Bh3 18. Ne5 Bxe5 19. dxe5 Rxg2+ 20. Nxg2 Rg8
21. f3 Rxg2+ 22. Qxg2 Bxg2 23. Kxg2 Nc5 {(=)} 24. Bg6 Qe6 25. Rg1 Qxe5 26. f7
Ne6 27. Kf2 c5 28. Rg2 Kd8 29. f4 Qf6 30. Rd1 d4 31. cxd4 cxd4 32. f5 Ke7 33.
Kg1 Ng5 34. exd4 Nxf7 35. Bxf7 Kxf7 36. Rf2 Qd6 37. d5 Kf6 38. Kf1 h4 39. Rd3
Qc5 40. d6 Qc4 41. Rfd2 Qf4+ 42. Ke1 Qe4+ 43. Kd1 Qh1+ 44. Kc2 Qc6+ 45. Kb1 Qd7
46. Rf3 a5 47. Rd4 Qa7 48. Rfd3 Qd7 49. Rxh4 Qxf5 50. Rhd4 Qd7 51. Ka1 Ke5 52.
Rd1 Kf5 53. Rd5+ Ke6 54. R5d2 b4 55. Re1+ Kf6 56. Rf2+ 1-0

[Event "4NCL/Div2/WES1 vs. PYO"]
[Site "Telford ENG"]
[Date "2004.01.17"]
[Round "3.2"]
[White "Addison, Bret C"]
[Black "Simons, Martin J"]
[Result "1/2-1/2"]
[WhiteElo "2251"]
[BlackElo "2285"]
[PlyCount "112"]
[EventDate "2004.01.17"]

1. d4 d6 2. e4 Nf6 3. f3 c5 4. d5 g6 5. c4 b5 6. cxb5 a6 7. a4 Bg7 8. Na3 O-O
9. Ne2 axb5 10. Nxb5 Na6 11. Nec3 Ne8 12. Bc4 Nec7 13. O-O Bd7 14. Ra3 Rb8 15.
Qe2 Rb7 16. Nxd6 exd6 17. Bxa6 Nxa6 18. Qxa6 Qb6 19. Qxb6 Bd4+ 20. Kh1 Rxb6 21.
a5 Ra6 22. Bd2 Rb8 23. Rb1 f5 24. g3 fxe4 25. Nxe4 Rxb2 26. Rxb2 Bxb2 27. Rb3
Be5 28. Rb6 Rxb6 29. axb6 Bc8 30. Bc3 Bxc3 31. Nxc3 Kf7 32. Kg2 Ke7 33. Kf2 Kd7
34. Ke3 Ba6 35. f4 Kc8 36. Ne4 Kb7 37. Nxd6+ Kxb6 38. Ne4 Bc4 39. Nc3 Kc7 40.
g4 Kd6 41. Ne4+ Kxd5 42. Nf6+ Ke6 43. Nxh7 Bd5 44. Nf8+ Kf7 45. Nd7 Be6 46.
Ne5+ Kf6 47. Ke4 g5 48. f5 Bc8 49. Nc4 Bb7+ 50. Ke3 Bd5 51. Nd2 Ke5 52. Nf3+
Kf6 53. Ne1 Ke5 54. Nd3+ Kd6 55. Ne1 Ke5 56. Nf3+ Kf6 1/2-1/2

[Event "4NCL/Div2/WES1 vs. PYO"]
[Site "Telford ENG"]
[Date "2004.01.17"]
[Round "3.3"]
[White "Webb, Richard M"]
[Black "Dorrington, Christopher"]
[Result "0-1"]
[WhiteElo "2348"]
[BlackElo "2174"]
[PlyCount "78"]
[EventDate "2004.01.17"]

1. e4 c5 2. Nf3 e6 3. d3 Nc6 4. g3 Nf6 5. Bg2 Be7 6. O-O O-O 7. Nbd2 d6 8. Re1
Qc7 9. a4 b6 10. Nc4 Nd7 11. c3 Nde5 12. Na3 Ba6 13. Nb5 Qd7 14. d4 Nxf3+ 15.
Bxf3 cxd4 16. cxd4 Rac8 17. Re3 Nb4 18. Rc3 d5 19. e5 Rxc3 20. bxc3 Nc6 21. Be2
Na5 22. Bd3 Nc4 23. Rb1 Ra8 24. Bc2 Bb7 25. Ra1 a6 26. Na3 b5 27. Nxc4 dxc4 28.
axb5 axb5 29. Rxa8+ Bxa8 30. f3 Qa7 31. Be3 Qa3 32. Bd2 g6 33. Be4 Bd5 34. Qb1
Qa6 35. Kf2 Qc6 36. h4 Bxe4 37. Qxe4 Qd5 38. Ke3 h5 39. Qxd5 exd5 $138 0-1

[Event "4NCL/Div2/WES1 vs. PYO"]
[Site "Telford ENG"]
[Date "2004.01.17"]
[Round "3.4"]
[White "Player, Edmund C"]
[Black "Corkett, Anthony R"]
[Result "1-0"]
[WhiteElo "2166"]
[BlackElo "2314"]
[PlyCount "99"]
[EventDate "2004.01.17"]

1. e4 c5 2. Nc3 Nc6 3. g3 g6 4. Bg2 Bg7 5. d3 d6 6. f4 Nd4 7. Nf3 Rb8 8. Nd5
Nf6 9. Nxf6+ Bxf6 10. c3 Nxf3+ 11. Qxf3 Bg7 12. O-O O-O 13. Be3 b6 14. f5 b5
15. Rf2 a5 16. Rd1 a4 17. d4 c4 18. a3 d5 19. g4 dxe4 20. Qxe4 Rb7 21. Rdf1 Rd7
22. Qc6 Rc7 23. Qxb5 Bd7 24. Qa6 Qc8 25. Qxc8 Rcxc8 26. Bb7 Rc7 27. Bd5 e6 28.
fxe6 fxe6 29. Rxf8+ Bxf8 30. Bf4 Rc8 31. Bb7 Rd8 32. Ba6 Bc6 33. Bxc4 Bd5 34.
Bb5 Ra8 35. c4 Bb7 36. Be5 Be7 37. c5 Bd5 38. c6 Bg5 39. Re1 Bh4 40. Re2 Bf3
41. Re3 Rf8 42. Rxf3 Rxf3 43. c7 Rf8 44. Bd7 Kf7 45. c8=Q Rxc8 46. Bxc8 Bg5 47.
Bd7 Bc1 48. d5 exd5 49. Bd4 h5 50. h3 1-0

[Event "4NCL/Div2/WES1 vs. PYO"]
[Site "Telford ENG"]
[Date "2004.01.17"]
[Round "3.5"]
[White "Yeo, Michael J"]
[Black "Deva, Chetan"]
[Result "0-1"]
[WhiteElo "2244"]
[BlackElo "2155"]
[PlyCount "72"]
[EventDate "2004.01.17"]

1. e4 c5 2. d4 cxd4 3. Nf3 d6 4. Nxd4 Nf6 5. Nc3 g6 6. Be3 Bg7 7. f3 Nc6 8. Qd2
Bd7 9. Bc4 O-O 10. h4 Qa5 11. O-O-O Rfc8 12. Bb3 Ne5 13. h5 Nxh5 14. Bh6 Rxc3
15. bxc3 Bxh6 16. Qxh6 Nf6 17. Kb2 Rc8 18. Qe3 Qb6 19. Ka1 Qc5 20. Kb2 a5 21.
a3 Rc6 22. Ra1 a4 23. Ba2 Rb6+ 24. Kc1 Qxa3+ 25. Kd2 Qc5 26. Rhb1 Rxb1 27. Rxb1
Qa3 28. Rxb7 Qxa2 29. Rb8+ Kg7 30. Qg5 Qc4 31. Rb1 Qc5 32. Qh4 Nc4+ 33. Ke2 e5
34. Rb5 Bxb5 35. Nf5+ gxf5 36. Qg5+ Kf8 0-1

[Event "4NCL/Div2/WES1 vs. PYO"]
[Site "Telford ENG"]
[Date "2004.01.17"]
[Round "3.6"]
[White "Bennet, William D"]
[Black "Upton, Ian J"]
[Result "1/2-1/2"]
[WhiteElo "2077"]
[BlackElo "2224"]
[PlyCount "64"]
[EventDate "2004.01.17"]

1. d4 e6 2. c4 f5 3. Nf3 Nf6 4. Nc3 Bb4 5. Bd2 O-O 6. g3 d6 7. Bg2 Qe7 8. O-O
Nc6 9. d5 Nd8 10. dxe6 Bxc3 11. Bxc3 Ne4 12. Rc1 Nxe6 13. e3 a5 14. Nd4 N6c5
15. Ne2 Nxc3 16. Nxc3 Be6 17. Qd4 Kh8 18. h4 Rf6 19. Rfd1 Rg6 20. Ne2 Bf7 21.
Nf4 Rh6 22. Rc2 Kg8 23. Nd5 Bxd5 24. Qxd5+ Qf7 25. Rcd2 Qxd5 26. Rxd5 Rf6 27.
Rxc5 dxc5 28. Rd7 Rb8 29. Rxc7 b6 30. a4 Rd8 31. Bd5+ Kh8 32. Kg2 h5 1/2-1/2

[Event "4NCL/Div2/WES1 vs. PYO"]
[Site "Telford ENG"]
[Date "2004.01.17"]
[Round "3.7"]
[White "Allicock, Rawle A"]
[Black "Eckersley Waites, Adam"]
[Result "1/2-1/2"]
[WhiteElo "2279"]
[BlackElo "2003"]
[PlyCount "58"]
[EventDate "2004.01.17"]

1. d4 Nf6 2. c4 c5 3. d5 e6 4. Nc3 exd5 5. cxd5 d6 6. Nf3 g6 7. g3 Bg7 8. Bg2
O-O 9. O-O Re8 10. h3 a6 11. a4 Ne4 12. Nxe4 Rxe4 13. Nd2 Rb4 14. Qc2 Nd7 15.
Ra2 b5 16. axb5 Rxb5 17. Nc4 Qe7 18. Bd2 Rab8 19. Bc3 Bxc3 20. Qxc3 Nb6 21. Na5
Bd7 22. e3 Rb4 23. Nc6 Bxc6 24. dxc6 d5 25. Rxa6 Qd6 26. Rd1 Qxc6 27. Bxd5 Nxd5
28. Rxc6 Nxc3 29. bxc3 Rc4 1/2-1/2

[Event "4NCL/Div2/WES1 vs. PYO"]
[Site "Telford ENG"]
[Date "2004.01.17"]
[Round "3.8"]
[White "Miller, Naomi K"]
[Black "Khoo, Teresa"]
[Result "1-0"]
[WhiteElo "1680"]
[BlackElo "2044"]
[PlyCount "74"]
[EventDate "2004.01.17"]

1. e4 c5 2. c3 d5 3. exd5 Qxd5 4. d4 Nf6 5. Nf3 Bg4 6. dxc5 Qxc5 7. Na3 a6 8.
Be3 Qc7 9. Qa4+ Bd7 10. Nb5 Qc8 11. O-O-O Nc6 12. Nbd4 b5 13. Qb3 e6 14. Nxc6
Bxc6 15. Ne5 Be7 16. Nxc6 Qxc6 17. Bd4 O-O 18. Rg1 b4 19. g4 bxc3 20. Bxc3 Nd5
21. Bg2 Bg5+ 22. Kc2 Rfd8 23. Bxd5 exd5 24. Kb1 Rab8 25. Qa3 d4 26. Bd2 Qe4+
27. Ka1 Be7 28. Qg3 Qc2 29. Bc1 d3 30. Rd2 Qc4 31. h4 Rbc8 32. Rdd1 Bb4 33. Be3
d2 34. Qf4 Qc2 35. Qxb4 Rb8 36. Qc3 Qxd1+ 37. Rxd1 Rbc8 $138 1-0

[Event "4NCL/Div2/WRO vs. SWD1"]
[Site "Telford ENG"]
[Date "2004.01.17"]
[Round "3.1"]
[White "Gourlay, Iain"]
[Black "Cooper, John G"]
[Result "1/2-1/2"]
[WhiteElo "2294"]
[BlackElo "2310"]
[PlyCount "88"]
[EventDate "2004.01.17"]

1. Nf3 d5 2. g3 c5 3. Bg2 Nc6 4. d4 e6 5. O-O Nf6 6. c4 Be7 7. Nc3 O-O 8. cxd5
exd5 9. Bg5 cxd4 10. Nxd4 h6 11. Be3 Re8 12. Rc1 Bg4 13. h3 Be6 14. Nxc6 bxc6
15. Na4 Qd7 16. Kh2 Bf5 17. Bc5 Bd8 18. Bd4 Ne4 19. Nc5 Nxc5 20. Bxc5 Bf6 21.
Qd2 Be4 22. e3 Bxg2 23. Kxg2 Re4 24. Bd4 Bxd4 25. exd4 Rae8 26. Qc3 R8e6 27.
Rfe1 f5 28. Rxe4 fxe4 29. Qd2 {(=)} 29... Rf6 30. Rc3 Qf7 31. Qe2 h5 32. h4 Qg6
33. Ra3 Rf7 34. Rc3 Rf5 35. Ra3 Rf7 36. Rc3 Rf4 37. Kh2 Rf5 38. Kg2 Qf6 39. Qc2
Qxd4 40. Rxc6 Kh7 41. Re6 Rf3 42. Qe2 Kg8 43. Qc2 Rf8 44. Qe2 a5 1/2-1/2

[Event "4NCL/Div2/WRO vs. SWD1"]
[Site "Telford ENG"]
[Date "2004.01.17"]
[Round "3.2"]
[White "Dineley, Richard D P"]
[Black "Gayson, Peter M"]
[Result "1-0"]
[WhiteElo "2269"]
[BlackElo "2239"]
[PlyCount "113"]
[EventDate "2004.01.17"]

1. e4 c5 2. Nf3 e6 3. d4 cxd4 4. Nxd4 Nf6 5. Nc3 d6 6. Be2 Be7 7. O-O O-O 8. f4
Nc6 9. Kh1 a6 10. Be3 Qc7 11. Qe1 Nxd4 12. Bxd4 b5 13. a3 Bb7 14. Qg3 Rac8 15.
Rae1 Rfd8 16. Bd3 Bc6 17. e5 dxe5 18. Bxe5 Qb6 19. f5 exf5 20. Bxf5 Rd2 21.
Bxh7+ Kxh7 22. Qh3+ Kg8 23. Qxc8+ Bf8 24. Re2 Rxe2 25. Nxe2 Qe3 26. Ng3 Bxg2+
27. Kxg2 Qxe5 28. Qf5 Qxb2 29. Nh5 Be7 30. Rf3 Qd4 31. Qc8+ Kh7 32. Qf5+ Kg8
33. Nxf6+ Bxf6 34. Rd3 Qc4 35. Re3 Qc6+ 36. Qe4 Qc5 37. Qe8+ Kh7 38. Rh3+ Kg6
39. Qe4+ Kg5 40. Rf3 Kh6 41. Rf5 Qc3 42. Qf4+ Kg6 43. Qg4+ Kh7 44. Qh3+ Qxh3+
45. Kxh3 Kg6 46. Kg4 Bb2 47. a4 bxa4 48. Ra5 a3 49. Rxa6+ f6 50. h4 Kf7 51. h5
Ke7 52. Kf5 Kd7 53. Ra7+ Ke8 54. c4 Kd8 55. Rxg7 Bd4 56. Rg8+ Kc7 57. Ra8 1-0

[Event "4NCL/Div2/WRO vs. SWD1"]
[Site "Telford ENG"]
[Date "2004.01.17"]
[Round "3.3"]
[White "Adams, David M"]
[Black "James, David J"]
[Result "1/2-1/2"]
[WhiteElo "2186"]
[BlackElo "2258"]
[PlyCount "85"]
[EventDate "2004.01.17"]

1. e4 c5 2. Nf3 d6 3. Bb5+ Bd7 4. Bxd7+ Qxd7 5. O-O Nc6 6. c3 Nf6 7. Re1 e6 8.
d3 Be7 9. Nbd2 Ne5 10. Nxe5 dxe5 11. Nc4 Qc7 12. a4 O-O 13. Bg5 Rfe8 14. Bh4
Nd7 15. Bg3 f6 16. Qg4 Bf8 17. f4 exf4 18. Bxf4 e5 19. Bg3 Nb6 20. Ne3 Qd7 21.
Qxd7 Nxd7 22. Nd5 Rac8 23. Bf2 a6 24. c4 Nb8 25. Rf1 a5 26. Be1 Nc6 27. Bc3 Kf7
28. Rf3 Ke6 29. Kf2 Be7 30. Ke2 Rh8 31. h4 g6 32. Raf1 Rcf8 33. g4 Rhg8 34. Rg3
Rf7 35. Rh1 Bd8 36. h5 g5 37. Rf1 h6 38. Kd2 Rgf8 39. Ne3 Ne7 40. Rgf3 Kd6 41.
Nd5 Ke6 42. Kc1 Nc6 43. Ne3 1/2-1/2

[Event "4NCL/Div2/WRO vs. SWD1"]
[Site "Telford ENG"]
[Date "2004.01.17"]
[Round "3.4"]
[White "Zeidler, Sven P"]
[Black "Burnett, Jim"]
[Result "1/2-1/2"]
[WhiteElo "2233"]
[BlackElo "2205"]
[PlyCount "103"]
[EventDate "2004.01.17"]

1. e4 d5 2. exd5 Qxd5 3. Nf3 Nf6 4. d4 Bg4 5. Be2 c6 6. h3 Bh5 7. O-O e6 8. c4
Qa5 9. Nc3 Nbd7 10. Re1 Bb4 11. Bd2 O-O 12. a3 Bxc3 13. Bxc3 Qc7 14. Rc1 Rfe8
15. Ne5 Nxe5 16. dxe5 Bxe2 17. Qxe2 Nd7 18. Qh5 Nf8 19. Re4 Ng6 20. Qg5 Rad8
21. h4 h6 22. Qe3 b6 23. a4 c5 24. Rg4 Kh8 25. Re1 Qd7 26. a5 Ne7 27. Qf3 Nf5
28. Rf4 Qd3 29. axb6 Qxf3 30. Rxf3 axb6 31. h5 Re7 32. Ra1 Nd4 33. Bxd4 Rxd4
34. Ra8+ Kh7 35. b3 Rh4 36. Rb8 Rxh5 37. Re3 Rd7 38. g3 Kg6 {(=)} 39. Rxb6 Rc7
40. Kg2 Rf5 41. f4 h5 42. Kf3 Kh7 43. g4 hxg4+ 44. Kxg4 g5 45. fxg5 Kg6 46. Rb8
Rxg5+ 47. Kf4 Rf5+ 48. Ke4 Rd7 49. Rg3+ Kh7 50. Rh3+ Kg7 51. Rg3+ Kh7 52. Rh3+
1/2-1/2

[Event "4NCL/Div2/WRO vs. SWD1"]
[Site "Telford ENG"]
[Date "2004.01.17"]
[Round "3.5"]
[White "Hutchinson, Paul A"]
[Black "Blackburn, Jonathan L B"]
[Result "0-1"]
[WhiteElo "2176"]
[BlackElo "2165"]
[PlyCount "108"]
[EventDate "2004.01.17"]

1. e4 e6 2. d3 d5 3. Nd2 c5 4. g3 Nc6 5. Bg2 Nf6 6. Ngf3 Be7 7. O-O b6 8. Re1
Bb7 9. e5 Nd7 10. Nf1 Qc7 11. Qe2 Nd4 12. Nxd4 cxd4 13. c3 dxc3 14. bxc3 Qxc3
15. Bb2 Qb4 16. a4 Nc5 17. d4 Nb3 18. Ba3 Qc3 19. Bxe7 Kxe7 20. Rad1 Rac8 21.
Qh5 h6 22. Re3 Qc2 23. Rf3 Rcf8 24. Rdd3 Nc1 25. Rd2 Qg6 26. Qh3 Rc8 27. g4 Ba6
28. Re3 Rc2 29. Be4 Rxd2 30. Bxg6 Rd1 31. Bc2 Rxf1+ 32. Kg2 Rc8 33. Qh4+ g5 34.
Qxh6 Rxc2 35. Qxg5+ Kd7 36. Rf3 Nd3 37. Rxf7+ Kc6 38. Kxf1 Nxe5+ 39. Kg2 Nxf7
40. Qf6 Nd6 41. g5 Bd3 42. h4 Be4+ 43. Kh2 Bf5 44. g6 Rxf2+ 45. Kg1 Rf3 46. g7
Rg3+ 47. Kh2 Rh3+ 48. Kg2 Rg3+ 49. Kf1 Bd3+ 50. Ke1 Rg1+ 51. Kf2 Ne4+ 52. Kxg1
Nxf6 53. Kf2 b5 54. Ke3 Bh7 0-1

[Event "4NCL/Div2/WRO vs. SWD1"]
[Site "Telford ENG"]
[Date "2004.01.17"]
[Round "3.6"]
[White "Spice, Alan"]
[Black "van Kemenade, Rudy"]
[Result "1/2-1/2"]
[WhiteElo "2161"]
[BlackElo "2119"]
[PlyCount "137"]
[EventDate "2004.01.17"]

1. Nc3 e5 2. e4 Nf6 3. Bc4 Nxe4 4. Qh5 Nd6 5. Bb3 Nc6 6. Nb5 g6 7. Qf3 f5 8.
Qd5 Qe7 9. Nxc7+ Kd8 10. Nxa8 b6 11. Nxb6 axb6 12. d3 Bb7 13. h4 f4 14. Qf3 Bh6
15. Bd2 Nd4 16. Qh3 e4 17. O-O-O e3 18. Bc3 e2 19. Re1 Bxg2 20. Qg4 N6f5 21.
Rh2 f3+ 22. Kb1 Bg7 23. Rxg2 fxg2 24. Qxg2 Qxh4 25. Nxe2 Kc7 26. Rh1 Qe7 27.
Nf4 Kb8 28. Nd5 Qd6 29. Bb4 Qc6 30. Qh2+ Ka7 31. Ne3 Nxb3 32. axb3 Nd4 33. Bc3
Kb7 {(=)} 34. Nc4 Nf3 35. Qh3 Ng5 36. Qh4 Nf3 37. Qe4 Qxe4 38. dxe4 Bxc3 39.
bxc3 h5 40. Kc1 h4 41. Nd2 Ne5 42. c4 g5 43. f3 h3 44. Kd1 Ng6 45. Ke2 Nf4+ 46.
Kf2 Ra8 47. Nf1 Ra1 48. Rh2 Rc1 49. Ne3 Kc6 50. Kg3 Kc5 51. Kg4 Rg1+ 52. Kf5
Rg3 53. Nd5 Ne6 54. Rh1 Nd4+ 55. Kf6 Nxf3 56. b4+ Kxc4 57. Ne3+ Kxb4 58. Nf5
Rg2 59. Rxh3 g4 60. Rh7 Rxc2 61. Ne3 Rc6+ 62. Kf5 g3 63. Kf4 Nd2 64. Rxd7 Kc3
65. Nd5+ Kb3 66. Ne3 Nc4 67. Rd3+ Kb2 68. Nxc4+ Rxc4 69. Rxg3 1/2-1/2

[Event "4NCL/Div2/WRO vs. SWD1"]
[Site "Telford ENG"]
[Date "2004.01.17"]
[Round "3.7"]
[White "Barrett, Steve J"]
[Black "Smith, Jeff R"]
[Result "1-0"]
[WhiteElo "2146"]
[BlackElo "2200"]
[PlyCount "77"]
[EventDate "2004.01.17"]

1. d4 Nf6 2. c4 e6 3. Nc3 Bb4 4. Nf3 O-O 5. g3 b6 6. Bg2 Bb7 7. O-O Bxc3 8.
bxc3 d6 9. h3 Be4 10. g4 Nbd7 11. Bg5 c5 12. Nd2 Bxg2 13. Kxg2 Qc7 14. e4 e5
15. d5 h6 16. Bxf6 Nxf6 17. h4 Qd7 18. g5 Nh7 19. gxh6 gxh6 20. Kh2 Kh8 21. Qh5
Rg8 22. Rg1 Rxg1 23. Rxg1 Rg8 24. Rxg8+ Kxg8 25. Qxh6 Qg4 26. f3 Qg6 27. Qxg6+
fxg6 28. Kg2 Nf6 29. f4 exf4 30. Kf3 Nd7 31. Kxf4 Ne5 32. Nf3 Nxc4 33. e5 Kg7
34. exd6 Nxd6 35. Ke5 Nc4+ 36. Ke6 Kf8 37. d6 Ke8 38. d7+ Kd8 39. Ng5 1-0

[Event "4NCL/Div2/WRO vs. SWD1"]
[Site "Telford ENG"]
[Date "2004.01.17"]
[Round "3.8"]
[White "Wilson, Julie"]
[Black "van Kemenade, Julie"]
[Result "1-0"]
[WhiteElo "1720"]
[BlackElo "1680"]
[PlyCount "71"]
[EventDate "2004.01.17"]

1. d4 Nf6 2. c4 e5 3. dxe5 Ng4 4. Bf4 Bb4+ 5. Nd2 Nc6 6. Ngf3 d6 7. exd6 Bxd6
8. Bxd6 Qxd6 9. e3 Bf5 10. Be2 O-O 11. Nh4 Nh6 12. Nxf5 Nxf5 13. O-O Rad8 14.
Nf3 Qh6 15. Qc2 Nce7 16. Qe4 Rfe8 17. Rad1 Nd6 18. Qc2 Nef5 19. Rd3 Qe6 20.
Rfd1 c5 21. Ng5 Qe7 22. Rxd6 Rxd6 23. Rxd6 Qxg5 24. Rd5 g6 25. Bd3 Nxe3 26.
fxe3 Qxe3+ 27. Qf2 Qc1+ 28. Bf1 Re1 29. Rd7 f5 30. Rxb7 Rd1 31. Qf3 Qd2 32.
Rxa7 Qd4+ 33. Kh1 Qd8 34. h3 Re1 35. Ra8 Rxf1+ 36. Kh2 1-0

[Event "4NCL/Div2/BAR3 vs. MIN1"]
[Site "Telford ENG"]
[Date "2004.01.17"]
[Round "3.1"]
[White "Rose, Matthew"]
[Black "Bellin, Robert"]
[Result "0-1"]
[WhiteElo "2223"]
[BlackElo "2385"]
[PlyCount "71"]
[EventDate "2004.01.17"]

1. e4 c5 2. Nf3 d6 3. c3 Nf6 4. Be2 Nbd7 5. d3 b6 6. O-O Bb7 7. Nbd2 g6 8. d4
e5 9. dxe5 dxe5 10. Bb5 a6 11. Bxd7+ Nxd7 12. Nc4 Qc7 13. a4 b5 14. Ne3 Bg7 15.
Nd5 Bxd5 16. Qxd5 Nb6 17. Qb3 c4 18. Qb4 Nxa4 19. Rxa4 bxa4 20. Rd1 Rc8 21. Rd5
f6 22. Be3 Bf8 23. Qxa4+ Qc6 24. Qa5 Be7 25. Bh6 Rd8 26. Nxe5 Rxd5 27. exd5 Qb5
28. Qxb5+ axb5 29. Nc6 g5 30. h4 Rg8 31. Nd4 Kf7 32. Nf5 Rd8 33. hxg5 Rxd5 34.
Ne3 Rd2 35. Ng4 Rxb2 36. Nxf6 0-1